The Silmarillion: Guess the Hair Color of each Son of Feanor - Statistics

General Stats
  • This quiz has been taken 10 times
  • The average score is 6 of 7
Answer Stats
Question Answer % Correct
Nelyafinwe Maitimo Russandol Red
100%
Morifinwe Black
90%
Curufinwe Black
90%
Kanafinwe Macalaure Black
80%
Tyelkormo Turcafinwe Blonde
80%
Pityafinwe Red
80%
Telufinwe Red
80%
No matching quizzes found
Score Distribution
Percent of People with Each Score
Percentile by Number Answered
Your Score History
You have not taken this quiz